00373nam a2200145Ia 450000500170000000800460001703700120006304000210007504100130009608400220010910000140013124500270014526000470017230000080021920250508151456.0008 250505s9999 xx 000 0 eng d aTextual aFEDL bengcFEDL aeng2eng a823.89, STEqFEDL aStern G B 0aRobert Louis Stevenson aLondon, UKbLongmans, Green and Co. c1952 a52p